Postacie z Awatar: Legenda Aanga po dwóch literach - Statystyki

Ogólne statystyki
  • Ten quiz został rozwiązany 75 razy
  • Średni wynik to 18 z 34
Statystyki odpowiedzi
Odpowiedź % Poprawnych
Aang
95%
Katara
95%
Zuko
93%
Sokka
91%
Azula
88%
Azulon
88%
Toph
81%
Iroh
79%
Appa
74%
Momo
70%
Mai
68%
Ozai
67%
Suki
67%
Jet
61%
Roko
56%
Kya
53%
Kyoshi
53%
Bumi
51%
Hakoda
46%
Hama
46%
Haru
46%
Ty Lee
46%
Zhao
39%
Paku
35%
Żądełko
35%
Piącha
33%
Piandao
33%
Gyatso
25%
Bato
23%
June
23%
Yue
21%
Ursa
19%
Bosko
18%
Jin
14%
Nie znaleziono quizów pasujących do podanych kryteriów
Rozkład punktacji
Procent ludzi z każdym wynikiem
Percentyl według liczby udzielonych odpowiedzi
Twoja historia wyników
Nie rozwiązałeś tego quizu